The Maya (Record no. 1426)

000 -LEADER
fixed length control field 00520nam a22001817a 4500
005 - DATE AND TIME OF LATEST TRANSACTION
control field 20210426065813.0
008 - FIXED-LENGTH DATA ELEMENTS--GENERAL INFORMATION
fixed length control field 210216s1975 ||||| |||| 00| 0 eng d
040 ## - CATALOGING SOURCE
Original cataloging agency eng
Transcribing agency DLC
041 ## - LANGUAGE CODE
Language code of text/sound track or separate title eng
080 ## - UNIVERSAL DECIMAL CLASSIFICATION NUMBER
Universal Decimal Classification number 008
Item number C-67
100 ## - MAIN ENTRY--PERSONAL NAME
9 (RLIN) 909
Personal name Coe, D. Michael
245 ## - TITLE STATEMENT
Title The Maya
Statement of responsibility, etc. / by: Penguin Books
260 ## - PUBLICATION, DISTRIBUTION, ETC.
Place of publication, distribution, etc. Victoria, Australia
Name of publisher, distributor, etc. Penguin Books
Date of publication, distribution, etc. 1975
300 ## - PHYSICAL DESCRIPTION
Extent 239 p.
Other physical details ill.
650 #0 - SUBJECT ADDED ENTRY--TOPICAL TERM
9 (RLIN) 410
Topical term or geographic name entry element History of civilizations
653 ## - INDEX TERM--UNCONTROLLED
Uncontrolled term ცივილიზაციის ისტორია
942 ## - ADDED ENTRY ELEMENTS (KOHA)
Source of classification or shelving scheme
Koha item type Books
Holdings
Withdrawn status Lost status Source of classification or shelving scheme Damaged status Not for loan Permanent location Current location Date acquired Inventory number Total Checkouts Full call number Barcode Date last seen Price effective from Koha item type
          Ken Walker International University Ken Walker International University 02/16/2021 2248   008 C-67 2248 02/16/2021 02/16/2021 Books

Powered by Koha